| 000 | 01106nam a2200265Ia 4500 | ||
|---|---|---|---|
| 001 | ebr10438008 | ||
| 003 | CaPaEBR | ||
| 006 | m u | ||
| 007 | cr cn||||||||| | ||
| 008 | 100319s2010 enka s 000 0 eng d | ||
| 020 | _z9781849511841 | ||
| 040 |
_aCaPaEBR _cCaPaEBR |
||
| 035 | _a(OCoLC)702637462 | ||
| 050 | 1 | 4 |
_aTK5105.8885.A52 _bV38 2010eb |
| 100 | 1 | _aVaughn, Daniel. | |
| 245 | 1 | 0 |
_aExt GWT 2.0 _h[electronic resource] : _bbeginner's guide ; take the user experience of your website to a new level with Ext GWT / _cDaniel Vaughn. |
| 260 |
_aBirmingham, U.K. : _bPackt, _c2010. |
||
| 300 |
_aix, 301 p. : _bill. |
||
| 533 |
_aElectronic reproduction. _bPalo Alto, Calif. : _cebrary, _d2011. _nAvailable via World Wide Web. _nAccess may be limited to ebrary affiliated libraries. |
||
| 650 | 0 | _aAjax (Web site development technology) | |
| 650 | 0 | _aJava (Computer program language) | |
| 655 | 7 |
_aElectronic books. _2local |
|
| 710 | 2 | _aebrary, Inc. | |
| 856 | 4 | 0 |
_uhttp://site.ebrary.com/lib/rucke/Doc?id=10438008 _zAn electronic book accessible through the World Wide Web; click to view |
| 999 |
_c133202 _d133202 |
||